000
00265nam a22001097a 4500
041
_a
ENG
245
_a
Ground Water Investigation For Hydraulic Structures - Guidelines
260
_a
New Delhi
_b
BIS
_c
1996
300
_a
05
650
_a
BIS Code
856
_u
BIS Code
999
_c
2126
_d
2126